Movies Quiz

Random Movies Quiz
Score 0/22 Timer 04:00
0 Plays Today
Movie Sequel % Correct
Ocean's ElevenOcean's Twelve
100%
AlienAliens
100%
Meet the ParentsMeet the Fockers
100%
Raiders of the Lost ArkIndiana Jones and the Temple of Doom
97.5%
Batman BeginsThe Dark Knight
95%
The MatrixThe Matrix Reloaded
95%
Analyze ThisAnalyze That
95%
Star WarsThe Empire Strikes Back
92.5%
Hot Shots!Hot Shots! Part Deux
90%
Batman ReturnsBatman Forever
87.5%
Rocky VRocky Balboa
85%
Movie Sequel % Correct
American Pie 2American Wedding
85%
The Bourne IdentityThe Bourne Supremacy
82.5%
The Silence of the LambsHannibal
82.5%
The Fast and the Furious2 Fast 2 Furious
80%
TwilightThe Twilight Saga: New Moon
80%
Look Who's TalkingLook Who's Talking Too
75%
Die Hard 2: Die HarderDie Hard with a Vengeance
72.5%
Bill & Ted's Excellent AdventureBill & Ted's Bogus Journey
72.5%
Jurassic ParkThe Lost World: Jurassic Park
65%
Honey, I Shrunk the KidsHoney, I Blew Up the Kid
65%
Bridget Jones's DiaryBridget Jones: The Edge of Reason
52.5%

You're not logged in!

Compare scores with friends on all Sporcle quizzes.
OR
Log In

Sporcle TV

Today on Sporcle TV


Watch our educational content, quiz creation guides, and fun videos on Sporcle TV.

Show Comments

Extras

Created Sep 20, 2019ReportNominate
Tags:Next

Top Quizzes Today


Score Distribution

Paid Content

Your Account Isn't Verified!

In order to create a playlist on Sporcle, you need to verify the email address you used during registration. Go to your Sporcle Settings to finish the process.

Report this User

Report this user for behavior that violates our Community Guidelines.

Details: